NLSUI OPAC header image

Welfare of special catagories of labour (Record no. 3698)

MARC details
000 -LEADER
fixed length control field 00423nam a2200157Ia 4500
008 - FIXED-LENGTH DATA ELEMENTS--GENERAL INFORMATION
fixed length control field 160316s1990 xxu||||| |||| 00| 0 eng d
082 ## - DEWEY DECIMAL CLASSIFICATION NUMBER
Classification number 344.015000
Item number SAR
100 ## - MAIN ENTRY--PERSONAL NAME
Personal name Sarma A M
245 ## - TITLE STATEMENT
Title Welfare of special catagories of labour
250 ## - EDITION STATEMENT
Edition statement
260 ## - PUBLICATION, DISTRIBUTION, ETC.
Place of publication, distribution, etc. Bombay
Name of publisher, distributor, etc. Tata Institute of Social Sciences
Date of publication, distribution, etc. 1990
300 ## - PHYSICAL DESCRIPTION
Extent 65
Other physical details 20 cm
Dimensions v
365 ## - TRADE PRICE
Price amount
650 ## - SUBJECT ADDED ENTRY--TOPICAL TERM
Topical term or geographic name entry element 1. Labour Welfare - Special Catagories
700 ## - ADDED ENTRY--PERSONAL NAME
Personal name
--
Holdings
Withdrawn status Lost status Damaged status Not for loan Home library Current library Shelving location Date acquired Cost, normal purchase price Total Checkouts Full call number Barcode Date last seen Price effective from Koha item type
        . .   30.05.2017 35.00   344.015 SAR 3863 14.06.2024 30.05.2017 BOOKs